Hottest Cities in the World North & South of 30 Degrees - Statistics

General Stats
  • This quiz has been taken 37 times
  • The average score is 11 of 25
Answer Stats
# Mean Temp. Continent Answer % Correct
4 24.2 North America Phoenix
84%
8 22.8 Asia Baghdad
81%
22 18.8 North America Los Angeles
81%
22 18.8 Oceania Sydney
77%
10 21.8 Africa Cairo
74%
17 20.0 North America Dallas
74%
22 18.8 Oceania Perth
68%
20 19.2 Europe Athens
61%
12 21.2 North America Las Vegas
61%
17 20.0 Africa Alexandria
58%
21 19.0 Africa Tunis
52%
3 24.3 Asia Lahore
48%
16 20.3 Asia Tel Aviv-Jaffa
48%
19 19.6 South America Porto Alegre
35%
13 21.1 North America Austin
29%
25 18.4 Asia Izmir
29%
2 24.3 Asia Faisalabad
23%
14 20.7 North America Jacksonville
23%
1 25.2 Asia Multān
23%
11 21.8 Asia Rawalpindi
23%
9 22.7 Asia Peshawar
19%
5 23.9 Asia Gujranwala
16%
14 20.7 Asia Gaza
13%
6 23.4 Asia Ludhiāna
10%
7 23.3 Asia Chandigarh
3%
No matching quizzes found
Score Distribution
Percent of People with Each Score
Percentile by Number Answered
Your Score History
You have not taken this quiz